004290000a220010900045001000019000002450125000193000046001447730014001909420008002049520090002129990017003021 aNeira, Armando10aLos perseguidos : La secta de niños de Dios en Colombia dice que lo sucedido en Buenos Aires es un montaje diabólico aVol. 15, Núm 15 (1993), Páginas 22-230 tCambio 16 cANA 001040708HEMaFUSBCbFUSBCd2016-01-26l0o r2016-01-26 00:00:00w2016-01-26yANA c58449d58449